Loading...
| Auditory Arts | 1 | 4 | 4 | 0 | 35 | 44 | 92.00 | 4 | 5 |
| History - American History | 1 | 1 | 0 | 0 | 25 | 42 | 84.50 | 0 | 2 |
| Beliefs | 0 | 3 | 1 | 1 | 25 | 98 | 117.00 | 2 | 3 |
| Other Academic | 1 | 1 | 0 | 0 | 25 | 61 | 70.50 | 2 | 2 |
| Literature - European Literature | 1 | 1 | 0 | 0 | 25 | 33 | 61.00 | 1 | 2 |
| Visual Arts | 1 | 1 | 1 | 0 | 20 | 38 | 74.00 | 2 | 2 |
| Philosophy | 0 | 2 | 1 | 0 | 15 | 86 | 108.50 | 1 | 2 |
| Current Events | 0 | 1 | 0 | 0 | 10 | 78 | 78.00 | 1 | 1 |
| Geography | 0 | 1 | 0 | 0 | 10 | 113 | 113.00 | 0 | 1 |
| Fine Arts - Other Arts | 1 | 0 | 1 | 0 | 10 | 20 | 20.00 | 1 | 1 |
| Science - Biology | 0 | 1 | 0 | 0 | 10 | 94 | 94.00 | 0 | 1 |
| Science - Chemistry | 0 | 1 | 0 | 0 | 10 | 129 | 129.00 | 0 | 1 |
| History - Ancient History | 0 | 1 | 0 | 0 | 10 | 114 | 114.00 | 0 | 1 |
| Literature - American Literature | 0 | 1 | 0 | 0 | 10 | 140 | 140.00 | 0 | 1 |
| Literature - British Literature | 0 | 1 | 0 | 0 | 10 | 95 | 95.00 | 0 | 1 |
| Social Science | 0 | 1 | 1 | 0 | 5 | 107 | 107.00 | 0 | 0 |
| Literature - World Literature | 0 | 1 | 1 | 0 | 5 | 146 | 146.00 | 0 | 1 |
| History - Other History | 0 | 0 | 0 | 0 | 0 | 0.00 | 0 | 0 | |
| History - World History | 0 | 0 | 1 | 0 | -5 | 0.00 | 0 | 0 | |
| Science - Other Science | 0 | 0 | 1 | 0 | -5 | 0.00 | 0 | 0 |